000 00858nam a2200301Ia 4500
001 63015
003 IT-RoPAU
008 130308s9999 xx 000 0 und d
040 _aIT-RoPAU
040 _cIT-RoPAU
041 _aITALIANO
100 _aConcetti Gino
100 _gCodice Aut. SPICS: 22234
245 _aIpotesi per un istituto di studio e di programmazione pastorale regionale
245 _bScienza e Prassi Pastorale in Italia
250 _a1a ed.
260 _aNAPOLI
260 _bDehoniane
260 _c1985 [1° Ed.:1985 - Ed.Ling.Originale:1985]
300 _a"7 p. (prefazione: no ; testo: 7 [pagine: 219-225])"
500 _aPremesse di Paolo VI indicazioni di Giovanni Paolo Ii
650 _aTEORIA PASTORALE
650 _eCodice materia Spics: 9301
942 _cBK
957 _71
999 _c64170
_d64170
999 _bSI
999 _g1